Endangered beauty : (Record no. 16777)

000 -LEADER
fixed length control field 00719cam a22001934a 4500
020 ## - INTERNATIONAL STANDARD BOOK NUMBER
ISBN 9715601294
040 ## - CATALOGING SOURCE
Transcribing agency DLC
082 ## - DEWEY DECIMAL CLASSIFICATION NUMBER
Classification number 770 SOU 2006 A087 Or.
100 1# - MAIN ENTRY--AUTHOR NAME
Personal name Lagunzad, Catherine Barreto-
245 10 - TITLE STATEMENT
Title Endangered beauty :
Remainder of title Mt. Malindang and its environs in Mindanao, Philippines /
260 ## - PUBLICATION, DISTRIBUTION, ETC. (IMPRINT)
Place of publication [Laguna] :
Name of publisher Southeast Asian Regional Center for Graduate Study and Research in Agriculture,
Year of publication c2006.
300 ## - PHYSICAL DESCRIPTION
Number of Pages 133 p. :
Other physical details col. ill., col. map ;
Dimensions 24 x 31 cm.
650 #0 - SUBJECT ADDED ENTRY--TOPICAL TERM
Topical Term Biodiversity conservation
650 #0 - SUBJECT ADDED ENTRY--TOPICAL TERM
Topical Term Endangered species
650 #0 - SUBJECT ADDED ENTRY--TOPICAL TERM
Topical Term Plant species diversity
700 1# - ADDED ENTRY--PERSONAL NAME
Personal name Ong, Perry S.
710 2# - ADDED ENTRY--CORPORATE NAME
Corporate name or jurisdiction name as entry element Southeast Asian Regional Centre for Graduate Study and Research in Agriculture.
942 ## - ADDED ENTRY ELEMENTS (KOHA)
Koha item type សៀវភៅភាសាអង់គ្លេស
952 ## - LOCATION AND ITEM INFORMATION (KOHA)
Withdrawn status [LOCAL, KOHA] 0
Holdings
Permanent Location Date acquired Koha item type Lost status Shelving location Barcode Current Location Full call number
Library Block A2018-04-25សៀវភៅភាសាអង់គ្លេស A111A20740Library Block A770 SOU 2006 A111 Or.
មជ្ឈមណ្ឌលឯការនៃសាកលវិទ្យាល័យភូមិន្ទកសិកម្មចំការដូង

Powered by Koha